000 01127nam a2200265 i 4500
001 bg
245 0 0 _aZanieczyszczenie powietrza w Polsce w latach 1996-1997 =
_bAir pollution in Poland in 1996-1997 : praca zespołowa /
_c[aut. Małgorzata Degórska et al. ; zespół red. Lucyna Ciołkowska et al.] ; Państwowa Inspekcja Ochrony Środowiska, Państwowa Inspekcja Sanitarna.
260 _aWarszawa :
_bPIOŚ ;
_aŁódź :
_bMA. Oficyna Wydawnicza,
_c1998.
300 _a344 s. :
_bmapy, rys., wykr. ;
_c24 cm.
490 1 _aBiblioteka Monitoringu Środowiska
504 _aBibliogr. przy pracach. - Spis treści także ang.
650 9 _aPowietrze
_xhigiena i ochrona
_zPolska
_yod 1989 r.
700 1 _aDEGÓRSKA, Małgorzata.
700 1 _aCIOŁKOWSKA, Lucyna.
_eRed.
710 0 _aPaństwowa Inspekcja Ochrony Środowiska
710 0 _aPaństwowa Inspekcja Sanitarna
830 _aBiblioteka Monitoringu Środowiska
020 _a8372170541
040 _cBPK
041 0 _apl
_ben
080 _a504.3.05/.06(438)"1989/..."
920 _a83-7217-054-1
942 _cKS
008 s pl f |000 0 pol
999 _c34740
_d34740
856 _uhttp://koha.tu.koszalin.pl/cgi-bin/koha/opac-detail.pl?biblionumber=34740
_yKatalog online BPK